000 00617nam a22002051c 4500
001 a987688837
008 180111s1963 gw |||| 000u ger d
041 _ager
245 0 0 _aBaden-Württemberg :
_bStaat Wirtschaft Kultur /
_cHrsg. v. Theodor Pfizer. Unter Mitw. v. Georg Sigmund Graf Adelmann...
264 _aStuttgart :
_bDeutsche Verlags-Anstalt,
_c1963
300 _a576 S.
650 0 _aLandeskunde
650 0 _aPolitisches System
651 0 _aBaden-Württemberg
655 0 _aAufsatzsammlung
700 1 _aPfizer, Theodor
_eHerausgeberIn
942 _cMG
040 _cRU-10907106
003 RU-10907106
999 _c4782
_d4782